"El Voto es nuestro ". Cómo los ciudadanos mexicanos perciben el clientelismo electoral /

El artículo examina la "económica moral" del clientelismo electoral (la compra de votos) en México. Con base en entrevistas cualitativas que se realizaron a fines de 2000 en áreas rurales, explora la manera en que los ciudadanos y las cuidadanas evalúan el intercambio de votos por bienes....

Ամբողջական նկարագրություն

Պահպանված է:
Մատենագիտական մանրամասներ
Հիմնական հեղինակ: Schedler, Andreas
Ձևաչափ: Տեքստ
Խորագրեր:
Ցուցիչներ: Ավելացրեք ցուցիչ
Չկան պիտակներ, Եղեք առաջինը, ով նշում է այս գրառումը!

MARC

LEADER 00000 a a2200000 04500
001 16526
003
040
100 |a Schedler, Andreas  
245 |a "El Voto es nuestro ". Cómo los ciudadanos mexicanos perciben el clientelismo electoral /  |c Andreas Schedler 
520 |a El artículo examina la "económica moral" del clientelismo electoral (la compra de votos) en México. Con base en entrevistas cualitativas que se realizaron a fines de 2000 en áreas rurales, explora la manera en que los ciudadanos y las cuidadanas evalúan el intercambio de votos por bienes. Contra lo que suele suponer, los habitantes de áreas marginadas tienden a rechazar prácticas clientelares como violatorias al principio de autonomía individual  
650 |a CLIENTELISMO POLITICO  
650 |a ELECCIONES  
650 |a PARTIDOS POLITICOS  
650 |a CORRUPCION  
773 |g volumen 66, número 1; páginas 57-97  
999 |c 26396  |d 26396